Statistics for Canadian Provinces by Borders in 15 Seconds

Click here to take the quiz!

General Stats

  • This quiz has been taken 70 times
  • The average score is 11 of 13

Answers on the Map

Answers color-coded by a green-red scale on the quiz's map according to % correct below.
 

Answer Stats

BordersProvince% Correct
Saskatchewan, Nunavut, OntarioManitoba
94%
Manitoba, QuebecOntario
94%
Yukon, British Columbia, Alberta, Saskatchewan, NunavutNorthwest Territories
91%
Ontario, Newfoundland and Labrador, New BrunswickQuebéc
91%
Yukon, Northwest Territories, AlbertaBritish Columbia
88%
Quebéc, Nova ScotiaNew Brunswick
88%
Newfoundland and Labrador, Northwest Territories, ManitobaNunavut
85%
British Columbia, Northwest Territories, SaskatchewanAlberta
82%
Alberta, Northwest Territories, ManitobaSaskatchewan
82%
Nunavut, QuebécNewfoundland and Labrador
79%
British Columbia, Northwest TerritoriesYukon
74%
New BrunswickNova Scotia
59%
Prince Edward Island
44%

Score Distribution

Percentile by Number Answered

Percent of People with Each Score

Your Score History

You have not taken this quiz